Organizaciones regionales y supranacionalidad: una sociología política de la integración centroamericana/

Guardat en:
Dades bibliogràfiques
Autor principal: Parthenay, Kevin
Format: Llibre
Idioma:Spanish
Etiquetes: Afegir etiqueta
Sense etiquetes, Sigues el primer a etiquetar aquest registre!

MARC

LEADER 00000nam a22000007a 4500
003 cru CIDCACS/IIS
005 20200925161140.0
007 ta
008 161116s2015 cr ||||| |||| 00| 0 spa d
040 |c CRAI/IIS  |a CRAI/IIS 
100 1 |9 549  |a Parthenay, Kevin 
245 1 |a Organizaciones regionales y supranacionalidad:  |b una sociología política de la integración centroamericana/  |c Kevin Parthenay 
300 |a páginas 63-80 :  |b tablas 
773 0 |0 18728  |9 150  |a Universidad de Costa Rica  |d San José, Costa Rica Editorial UCR 1956-  |o R19003  |t Revista de Ciencias Sociales/ 
942 |2 ddc  |c PP 
999 |c 18740  |d 18740